Loading...
An agricultural testament/
| Main Author: | |
|---|---|
| Format: | Printed Book |
| Published: |
Goa:
The Other India Press,
1956.
|
| Subjects: |
| LEADER | 00533nam a22001571a 4500 | ||
|---|---|---|---|
| 020 | |a 9788185569185 | ||
| 082 | |a 631.584 |b ALB/A | ||
| 100 | |a Albert Howard |9 156792 | ||
| 245 | |a An agricultural testament/ |c by Albert Howard | ||
| 260 | |a Goa: |b The Other India Press, |c 1956. | ||
| 300 | |a 262p. | ||
| 650 | |a Farming Organic |9 156793 | ||
| 650 | |a Agriculture |9 156794 | ||
| 942 | |c BK | ||
| 999 | |c 1409 |d 1409 | ||
| 952 | |0 0 |1 0 |4 0 |6 631_584000000000000_ALB_A |7 0 |9 2210 |a SSUS |b SSUS |d 2015-01-08 |g 120.00 |o 631.584 ALB/A |p 024349 |r 2015-01-08 |v 0.00 |w 2015-01-08 |y BK | ||